| 000 | 00382cam a22001217a 4500 | ||
|---|---|---|---|
| 008 | 180718b1954 xxu||||| |||| 00| 0 eng d | ||
| 082 | _aT112x73 K696 | ||
| 100 | _aKuznets, Simon | ||
| 245 |
_aNational income and its composition, 1919-1938 _cby Simon Kuznets...[et. al.] |
||
| 260 |
_aNew York _bNational Bureau of Economic Research _c1954 |
||
| 300 | _a929p. | ||
| 650 | _aIncome - USA | ||
| 999 |
_c369984 _d369984 |
||